000 01372nam a22002657a 4500
999 _c22103
_d22103
003 AR-CdUCM
008 190425b ||||| |||| 00| 0 spa d
040 _aMUNICIPALIDAD PROVINCIAL DEL CUSCO
_cBIBLIOTECA MUNICIPAL DEL CUSCO
082 _aParlante/N°115/2013
110 _aCentro Guamán Poma de Ayala
_920511
245 _aParlante :
_bRevista del Cusco /
260 _aCusco :
_bCentro de Educación y Comunicación Guamán Poma de Ayala,
_c2013.
300 _a32 páginas. :
_bilustraciones ;
_c30 cm.
440 _aParlante revista del Cusco.
_nAño 28, N°115, diciembre 2013.
_947448
505 _aContenido: A mitad del camino lo bueno y lo malo del gobierno Humala. -- La apuesta por el desarrollo eficiente de la ciudad el plan de desarrollo urbano del Cusco 2013-2023. Abel Gallegos. -- Analizando la vivienda popular el caso del asentamiento humano Mirador. -- Aquí se recicla produciendo jabones con aceite de cocina. -- El futuro de las lenguas originarias. -- Insertando amor en la tifloteca.
650 _aActualidad y política
_947410
650 _aCentro Histórico Cusco
_946767
650 _aEducación, cultura y deportes
_947422
650 _aMedio ambiente
_947423
700 _aNieto Degregori, Luis
_96534
700 _aGaliano Román, Juan
_947435
710 _aCentro Guamán Poma de Ayala
_920511
942 _2ddc
_cPP
945 _avhl